书目信息 |
| 题名: |
邓小平理论与中国传统文化
|
|
| 作者: | 裴传永 | |
| 分册: | ||
| 出版信息: | 北京 中共中央党校出版社 2003 |
|
| 页数: | 408 | |
| 开本: | 20cm | |
| 丛书名: | ||
| 单 册: | ||
| 中图分类: | A76 | |
| 科图分类: | ||
| 主题词: | 毛泽东--生平事迹 , 毛泽东--传记 , 恩格斯--生平事迹 , 恩格斯--传记 , 列宁--生平事迹 , 马克思--生事迹 , 马克思--传记 , 列宁--传记 | |
| 电子资源: | ||
| ISBN: | 7-5035-2840-0 | |
| 000 | 00753nam0 2200265 450 | |
| 001 | 0735257515 | |
| 005 | 20070904094737.51 | |
| 010 | @a7-5035-2840-0@d21 | |
| 100 | @a20070904d km y0chiy0120 ea | |
| 101 | 0 | @achi |
| 200 | 1 | @a邓小平理论与中国传统文化@Adeng xiao ping li lun yu zhong guo chuan tong wen hua@f裴传永@Fpei chuan yong |
| 210 | @a北京@c中共中央党校出版社@d2003 | |
| 215 | @a408@d20cm | |
| 606 | 0 | @a毛泽东@x生平事迹 |
| 606 | 0 | @a毛泽东@x传记 |
| 606 | 0 | @a恩格斯@x生平事迹 |
| 606 | 0 | @a恩格斯@x传记 |
| 606 | 0 | @a列宁@x生平事迹 |
| 606 | 0 | @a马克思@x生事迹 |
| 606 | 0 | @a马克思@x传记 |
| 606 | 0 | @a列宁@x传记 |
| 690 | @aA76@v3 | |
| 701 | 0 | @a裴传永@Apei chuan yong |
| 801 | 0 | @aCN@bPFT@c20070904 |
| 905 | @a213230@dA76@ea11@f1 | |
| 邓小平理论与中国传统文化/裴传永.-北京:中共中央党校出版社,2003 |
| 408;20cm |
| ISBN 7-5035-2840-0:21 |
| ● |
| 相关链接 |
|
|
|
|
正题名:邓小平理论与中国传统文化
索取号:A76/a11
 
预约/预借
| 序号 | 登录号 | 条形码 | 馆藏地/架位号 | 状态 | 备注 |
| 1 | 7500187 | 275001873 | 史法系资料室/ [索取号:A76/a11] | 在馆 |